[Event "Copenhagen Bronshoj op"]
[Site "Copenhagen"]
[Date "2015.02.09"]
[Round "6"]
[White "Henriksen, Christian Steen"]
[Black "Pawlak, Wojciech Zbignew"]
[Result "1/2-1/2"]
[WhiteElo "1837"]
[BlackElo "1736"]
[PlyCount "131"]
[EventDate "2015.02.06"]
[EventType "swiss"]
[EventRounds "7"]
[EventCountry "DEN"]
[SourceTitle "EXT 2016"]
[Source "ChessBase"]
[SourceDate "2015.10.08"]
[SourceVersion "1"]
[SourceVersionDate "2015.10.08"]
[SourceQuality "1"]

1. d4 Nf6 2. c4 g6 3. Nc3 d5 4. cxd5 Nxd5 5. e4 Nxc3 6. bxc3 Bg7 7. Bc4 c5 8. Ne2 Nc6 9. Be3 0-0 10. 0-0 Na5 11. Bd3 cxd4 12. cxd4 Be6 13. Qa4 Bd7 14. Qb4 e6 15. Rac1 b6 16. Qd2 Bc6 17. Rc3 Qd7 18. Rfc1 Rac8 19. Ba6 Bb7 20. Bxb7 Qxb7 21. Qc2 Rxc3 22. Qxc3 Qxe4 23. Qc7 e5 24. d5 Qxd5 25. Qxa7 Nc4 26. Bxb6 Nxb6 27. Qxb6 Qxa2 28. Ng3 Qd2 29. Qc6 Rd8 30. h3 h5 31. Ne4 Qe2 32. Nf6+ Bxf6 33. Qxf6 Rd1+ 34. Rxd1 Qxd1+ 35. Kh2 Qd4 36. Kg1 Qd1+ 37. Kh2 e4 38. Qe5 Qd3 39. Qb8+ Kh7 40. Qf4 Qd5 41. Kg1 Kg7 42. Qc7 Qd4 43. Qf4 Qc4 44. Qe5+ Kh7 45. Qf4 Qe6 46. Qe3 Kg7 47. Qf4 Qf5 48. Qd6 Qe6 49. Qf4 f5 50. Qc7+ Qf7 51. Qe5+ Qf6 52. Qc7+ Kh6 53. Qc1+ g5 54. Qe3 Qa1+ 55. Kh2 Qe5+ 56. Kg1 Kg6 57. Qb6+ Qf6 58. Qb3 h4 59. Qg8+ Qg7 60. Qe6+ Qf6 61. Qd5 Qa1+ 62. Kh2 Qb2 63. Qe6+ Qf6 64. Qd5 Qf7 65. Qe5 Qf6 66. Qd5 1/2-1/2

[Event "Copenhagen Bronshoj op"]
[Site "Copenhagen"]
[Date "2014.02.10"]
[Round "7"]
[White "Nielsen, Viktor Haarmark"]
[Black "Henriksen, Christian Steen"]
[Result "1-0"]
[WhiteElo "2003"]
[BlackElo "1798"]
[PlyCount "105"]
[EventDate "2014.02.07"]
[EventType "swiss"]
[EventRounds "7"]
[EventCountry "DEN"]
[SourceTitle "CBM 158 Extra"]
[Source "ChessBase"]
[SourceDate "2014.02.28"]
[SourceVersion "1"]
[SourceVersionDate "2014.02.28"]
[SourceQuality "1"]

1. e4 e6 2. d4 d5 3. Nd2 c5 4. c3 Nc6 5. Ngf3 dxe4 6. Nxe4 cxd4 7. cxd4 Bb4+ 8. Nc3 Nf6 9. Bd3 a6 10. 0-0 0-0 11. a3 Be7 12. Bc2 Qc7 13. Qd3 Rd8 14. Bg5 g6 15. Ne4 Nxe4 16. Bxe7 Qxe7 17. Qxe4 Qf6 18. Rad1 Ne7 19. Ne5 Nd5 20. Bb3 Rd6 21. Rd3 Qg7 22. Rc1 f6 23. Nf3 Bd7 24. Bxd5 exd5 25. Qf4 Rc6 26. Rxc6 Bxc6 27. Nd2 Re8 28. Re3 Qf7 29. f3 Re7 30. Kf2 Kg7 31. Rxe7 Qxe7 32. Qe3 Kf7 33. Qxe7+ Kxe7 34. Nf1 h5 35. f4 Ke6 36. Ne3 Bb5 37. Ke1 a5 38. Kd2 Bc4 39. Kc3 b5 40. h3 Be2 41. b3 h4 42. Kd2 Bh5 43. Ke1 Kd6 44. Kf2 Ke6 45. b4 a4 46. g4 hxg3+ 47. Kxg3 Be2 48. f5+ gxf5 49. Kf4 Bh5 50. Nxf5 Bg6 51. Ne3 Be4 52. h4 Bd3 53. Nd1 1-0

[Event "Copenhagen Bronshoj op"]
[Site "Copenhagen"]
[Date "2014.02.08"]
[Round "2"]
[White "Henriksen, Christian Steen"]
[Black "Marshall, Michael"]
[Result "1-0"]
[WhiteElo "1798"]
[BlackElo "1868"]
[PlyCount "99"]
[EventDate "2014.02.07"]
[EventType "swiss"]
[EventRounds "7"]
[EventCountry "DEN"]
[SourceTitle "CBM 158 Extra"]
[Source "ChessBase"]
[SourceDate "2014.02.28"]
[SourceVersion "1"]
[SourceVersionDate "2014.02.28"]
[SourceQuality "1"]

1. d4 Nf6 2. c4 e6 3. Nc3 Bb4 4. e3 b6 5. Bd3 Bb7 6. f3 c5 7. a3 Bxc3+ 8. bxc3 Nc6 9. Ne2 d6 10. 0-0 0-0 11. Ng3 Qc7 12. Bd2 Ba6 13. Qe2 Na5 14. Rac1 Nb3 15. Rc2 Nxd2 16. Qxd2 Bc8 17. f4 d5 18. cxd5 exd5 19. c4 dxc4 20. Bxc4 Re8 21. d5 g6 22. Be2 Qe7 23. Rc3 Bd7 24. Bf3 Rac8 25. e4 c4 26. e5 Ng4 27. e6 Bxe6 28. dxe6 Qxe6 29. f5 Qe7 30. Bxg4 Qc5+ 31. Kh1 f6 32. Qf2 Qxf2 33. Rxf2 b5 34. Kg1 Rcd8 35. Re2 Rxe2 36. Bxe2 Kf7 37. Kf2 Ke7 38. Ke3 Kd6 39. Rc2 Re8+ 40. Kd4 Rc8 41. Bf3 a5 42. Ne4+ Ke7 43. Kc3 Rd8 44. Rd2 Rc8 45. Rd5 Rb8 46. Nd6 b4+ 47. axb4 axb4+ 48. Kxc4 b3 49. Rb5 Rxb5 50. Nxb5 1-0

[Event "Copenhagen Cand op"]
[Site "Copenhagen"]
[Date "2013.04.27"]
[Round "6"]
[White "Henriksen, Christian Steen"]
[Black "Olsen, Michael Richard W"]
[Result "0-1"]
[WhiteElo "1814"]
[BlackElo "1977"]
[PlyCount "104"]
[EventDate "2013.04.24"]
[EventType "swiss"]
[EventRounds "9"]
[EventCountry "DEN"]
[SourceTitle "EXT 2015"]
[Source "ChessBase"]
[SourceDate "2014.11.20"]
[SourceVersion "1"]
[SourceVersionDate "2014.11.20"]
[SourceQuality "1"]

1. d4 d5 2. c4 c6 3. Nf3 dxc4 4. a4 Bf5 5. Nc3 Nf6 6. e3 Bd3 7. Bxd3 cxd3 8. Qxd3 Na6 9. 0-0 Nb4 10. Qe2 a5 11. Rd1 e6 12. h3 Qc7 13. e4 Be7 14. Be3 Rc8 15. Rac1 Qb8 16. d5 cxd5 17. Qb5+ Kf8 18. exd5 exd5 19. Qxa5 h6 20. Nb5 Nc6 21. Qd2 Kg8 22. Bf4 Qa8 23. b3 Rd8 24. Nfd4 Nh5 25. Bh2 Bg5 26. f4 Nxd4 27. Nxd4 Be7 28. Kh1 Nf6 29. Nb5 Ne4 30. Qe3 f5 31. Bg1 Kh7 32. Qb6 Qb8 33. Rc7 Rd6 34. Nxd6 Bxd6 35. Rxb7 Ng3+ 36. Kh2 Bxf4 37. Bd4 Nh5+ 38. Kh1 Qe8 39. Qa7 Rg8 40. Re7 Qg6 41. Bf2 Bb8 42. Qb7 Nf4 43. g3 Nxh3 44. Be1 Ng5 45. Rxd5 Qh5+ 46. Kg1 f4 47. Rxg5 Qxg5 48. Qe4+ Kh8 49. Re8 Ba7+ 50. Kg2 f3+ 51. Kxf3 Qh5+ 52. Kg2 Rxe8 0-1

[Event "Copenhagen Challenge"]
[Site "Ballerup"]
[Date "2013.04.24"]
[Round "1"]
[White "Henriksen, Christian Steen"]
[Black "Englert, Fabian"]
[Result "0-1"]
[WhiteElo "1814"]
[BlackElo "2214"]
[PlyCount "56"]
[EventDate "2013.04.24"]
[EventType "swiss"]
[EventRounds "9"]
[EventCountry "DEN"]
[SourceTitle "CBM 154 Extra"]
[Source "ChessBase"]
[SourceDate "2013.06.25"]
[SourceVersion "2"]
[SourceVersionDate "2013.06.25"]
[SourceQuality "1"]

1. d4 g6 2. e4 Bg7 3. c4 d6 4. Nc3 Nf6 5. f3 0-0 6. Be3 a6 7. Qd2 Nbd7 8. Nge2 Rb8 9. Bh6 b5 10. cxb5 axb5 11. Ng3 b4 12. Nd1 c5 13. d5 Bxh6 14. Qxh6 e6 15. h4 exd5 16. h5 Re8 17. hxg6 fxg6 18. Ne3 Nf8 19. 0-0-0 d4 20. Bc4+ Be6 21. Bxe6+ Rxe6 22. Ng4 Nxg4 23. fxg4 Re5 24. Nf5 Rb7 25. Rdf1 gxf5 26. exf5 Rg7 27. f6 Rg6 28. Qh4 Kf7 0-1

[Event "Valby K41 Spring-B"]
[Site "Valby"]
[Date "2010.04.27"]
[Round "6"]
[White "Henriksen, Christian Steen"]
[Black "Sorensen, Dick"]
[Result "0-1"]
[WhiteElo "1707"]
[BlackElo "1810"]
[PlyCount "78"]
[EventDate "2010.03.09"]
[EventType "tourn"]
[EventRounds "7"]
[EventCountry "DEN"]
[SourceTitle "EXT 2023"]
[Source "ChessBase"]
[SourceDate "2022.10.05"]
[SourceVersion "1"]
[SourceVersionDate "2022.10.05"]
[SourceQuality "1"]

1. d4 Nf6 2. c4 g6 3. Nc3 Bg7 4. e4 d6 5. f3 Nbd7 6. Be3 e5 7. d5 0-0 8. Qd2 a5 9. g4 Nc5 10. Nge2 Ne8 11. Ng3 f5 12. Bg5 Bf6 13. Bxf6 Qxf6 14. g5 Qe7 15. h4 fxe4 16. fxe4 Rf4 17. 0-0-0 Bg4 18. Be2 Bxe2 19. Qxe2 Rxh4 20. Qd2 Rg4 21. Qh2 Qxg5+ 22. Kb1 h5 23. Rdg1 Nf6 24. Nb5 Rc8 25. Nc3 Rf8 26. Nge2 Ncxe4 27. Nxe4 Nxe4 28. Rxg4 Qxg4 29. Rg1 Rf1+ 30. Rxf1 Nd2+ 31. Kc1 Nxf1 32. Qf2 Qf5 33. Qh4 Qf7 34. Qh3 Qf5 35. Qh4 Kg7 36. Qe7+ Qf7 37. Qh4 Qf6 38. Qh3 Qg5+ 39. Kb1 Qf5+ 0-1

[Event "Valby K41 op 0910"]
[Site "Valby"]
[Date "2010.03.02"]
[Round "9"]
[White "Henriksen, Christian Steen"]
[Black "Moller, Arne Vagn"]
[Result "1-0"]
[WhiteElo "1690"]
[BlackElo "1790"]
[PlyCount "81"]
[EventDate "2009.11.03"]
[EventType "swiss"]
[EventRounds "9"]
[EventCountry "DEN"]
[SourceTitle "EXT 2018"]
[Source "ChessBase"]
[SourceDate "2017.10.13"]
[SourceVersion "1"]
[SourceVersionDate "2017.10.13"]
[SourceQuality "1"]

1. Nf3 Nf6 2. b3 g6 3. Bb2 Bg7 4. d4 d5 5. e3 0-0 6. Bd3 Nbd7 7. 0-0 c5 8. c3 b6 9. Nbd2 Bb7 10. Rc1 Ne4 11. Bb1 e5 12. dxe5 Nxe5 13. Qc2 Re8 14. Rfd1 Qe7 15. Nxe5 Bxe5 16. Nf3 Bg7 17. c4 Bxb2 18. Qxb2 dxc4 19. bxc4 Rad8 20. Bd3 Ng5 21. Nxg5 Qxg5 22. Bf1 Bc6 23. Qc2 Qe7 24. Rxd8 Rxd8 25. Rd1 Rxd1 26. Qxd1 Qd7 27. Qc2 a6 28. g3 Qb7 29. Qc3 Qe7 30. Bg2 Bxg2 31. Kxg2 Qe4+ 32. Kh3 h5 33. a3 g5 34. Qf6 Qe6+ 35. Qxe6 fxe6 36. a4 Kf7 37. g4 h4 38. f4 Kf6 39. Kg2 e5 40. Kf3 gxf4 41. exf4 1-0

[Event "Valby K41 op 0910"]
[Site "Valby"]
[Date "2010.02.16"]
[Round "8"]
[White "Skjoldager, Mikael"]
[Black "Henriksen, Christian Steen"]
[Result "1-0"]
[WhiteElo "1753"]
[BlackElo "1690"]
[PlyCount "81"]
[EventDate "2009.11.03"]
[EventType "swiss"]
[EventRounds "9"]
[EventCountry "DEN"]
[SourceTitle "EXT 2018"]
[Source "ChessBase"]
[SourceDate "2017.10.13"]
[SourceVersion "1"]
[SourceVersionDate "2017.10.13"]
[SourceQuality "1"]

1. e4 e6 2. d4 d5 3. Nc3 Bb4 4. e5 c5 5. a3 Bxc3+ 6. bxc3 Qc7 7. Nf3 Nc6 8. Be2 Bd7 9. 0-0 Nge7 10. Re1 c4 11. a4 f6 12. Bf1 0-0-0 13. Bf4 Ng6 14. Bg3 f5 15. Nh4 Nge7 16. Bf4 h6 17. Bc1 g5 18. Nf3 Rdg8 19. Ba3 Ng6 20. a5 Qd8 21. Bc5 g4 22. Nd2 Qg5 23. g3 f4 24. Qb1 a6 25. Bd6 fxg3 26. fxg3 h5 27. Qb6 Qd8 28. Reb1 Qxb6 29. Rxb6 Nd8 30. Nxc4 dxc4 31. Bxc4 Bc6 32. Rf1 h4 33. Rf6 Kd7 34. Bd3 hxg3 35. hxg3 Rh1+ 36. Kf2 Rgh8 37. Rxg6 R8h2+ 38. Ke3 Re1+ 39. Kf4 Rh7 40. Rf6 Bf3 41. Bxh7 1-0

[Event "Valby K41 op 0910"]
[Site "Valby"]
[Date "2010.01.26"]
[Round "6"]
[White "Kristensen, Steffen Michael"]
[Black "Henriksen, Christian Steen"]
[Result "0-1"]
[WhiteElo "1390"]
[BlackElo "1690"]
[PlyCount "58"]
[EventDate "2009.11.03"]
[EventType "swiss"]
[EventRounds "9"]
[EventCountry "DEN"]
[SourceTitle "EXT 2018"]
[Source "ChessBase"]
[SourceDate "2017.10.13"]
[SourceVersion "1"]
[SourceVersionDate "2017.10.13"]
[SourceQuality "1"]

1. c4 Nf6 2. d4 g6 3. Nc3 Bg7 4. e4 d6 5. Nf3 0-0 6. Be2 e5 7. dxe5 dxe5 8. Qxd8 Rxd8 9. 0-0 c6 10. Bg5 h6 11. Bxf6 Bxf6 12. Rad1 Rxd1 13. Rxd1 Be6 14. b3 Nd7 15. h3 Kf8 16. Bd3 Rd8 17. Bc2 Ke8 18. Kf1 Be7 19. Ne2 Bb4 20. a4 f6 21. Ng3 Nc5 22. Rxd8+ Kxd8 23. Ke2 Bf7 24. Ke3 Ne6 25. Ke2 Kd7 26. Bb1 Kd6 27. Bc2 Kc5 28. Ne1 Nd4+ 29. Kf1 Bxe1 0-1

[Event "Valby K41 op 0910"]
[Site "Valby"]
[Date "2010.01.19"]
[Round "5"]
[White "Henriksen, Christian Steen"]
[Black "Abildgaard, Kenneth"]
[Result "0-1"]
[WhiteElo "1690"]
[BlackElo "1843"]
[PlyCount "50"]
[EventDate "2009.11.03"]
[EventType "swiss"]
[EventRounds "9"]
[EventCountry "DEN"]
[SourceTitle "EXT 2018"]
[Source "ChessBase"]
[SourceDate "2017.10.13"]
[SourceVersion "1"]
[SourceVersionDate "2017.10.13"]
[SourceQuality "1"]

1. d4 d5 2. c4 dxc4 3. Nf3 Bf5 4. Nc3 Nf6 5. e3 Nbd7 6. Bxc4 e6 7. 0-0 Be7 8. Qe2 Nb6 9. Bb3 Ne4 10. Nd2 Nxc3 11. bxc3 0-0 12. e4 Bg6 13. Bb2 c5 14. Rfd1 Rc8 15. a4 a5 16. Nc4 Nxc4 17. Bxc4 cxd4 18. cxd4 Bxe4 19. Bd3 Bxd3 20. Rxd3 Qd5 21. Rad1 Rc4 22. Qe5 Rxa4 23. Qxd5 exd5 24. Re3 Bf6 25. Rb3 Rb4 0-1